[Event "18.Open Seefeld"]
[Site "Seefeld / Oesterreich"]
[Date "2007.09.01"]
[Round "1"]
[White "van der Weide, Karel"]
[Black "Schultheisz, Egon"]
[Result "1-0"]
[WhiteElo "2502"]
[BlackElo "1980"]
[PlyCount "55"]
[EventDate "2007.09.01"]
[EventType "swiss"]
[EventRounds "9"]
[EventCountry "AUT"]

1. e4 e6 2. d4 d5 3. Nc3 Bb4 4. e5 Ne7 5. a3 Ba5 6. b4 Bb6 7. Nf3 a5 8. Rb1
axb4 9. axb4 Bd7 10. Bd3 h6 11. O-O Ng6 12. Ne2 O-O 13. Be3 Qe8 14. b5 Qd8 15.
Qd2 f5 16. exf6 Qxf6 17. Bxh6 gxh6 18. Qxh6 Be8 19. Ng5 Qg7 20. Qxg7+ Kxg7 21.
Nxe6+ Kg8 22. Nxf8 Nxf8 23. Ra1 Ba5 24. f4 Nbd7 25. f5 b6 26. g4 Rd8 27. g5 Bh5
28. Nf4 1-0

[Event "18.Open Seefeld"]
[Site "Seefeld / Oesterreich"]
[Date "2007.09.01"]
[Round "1"]
[White "Werner, Bernd"]
[Black "Pitl, Gregory"]
[Result "0-1"]
[WhiteElo "1975"]
[BlackElo "2387"]
[PlyCount "71"]
[EventDate "2007.09.01"]
[EventType "swiss"]
[EventRounds "9"]
[EventCountry "AUT"]

1. e4 c5 2. Nf3 d6 3. d4 cxd4 4. c3 d3 5. Bxd3 Nc6 6. O-O Nf6 7. h3 g6 8. Qe2
Bg7 9. Rd1 Nd7 10. Be3 O-O 11. Nbd2 Rb8 12. Nb3 a6 13. Nbd4 Qc7 14. Rac1 Nce5
15. Nxe5 Nxe5 16. f4 Nxd3 17. Qxd3 b6 18. Nf3 Bb7 19. Bd4 e5 20. fxe5 dxe5 21.
Bf2 f5 22. Qd6 Qxd6 23. Rxd6 Bxe4 24. Bxb6 Rfe8 25. Ng5 Bf8 26. Nxe4 fxe4 27.
Rc6 Rxb6 28. Rxb6 Bc5+ 29. Kf1 Rf8+ 30. Ke1 Bxb6 31. Rd1 Rf2 32. Rd2 e3 33. Re2
Kf7 34. b4 Ke6 35. c4 Bd4 36. a4 0-1

[Event "18.Open Seefeld"]
[Site "Seefeld / Oesterreich"]
[Date "2007.09.01"]
[Round "1"]
[White "Heinig, Wolfram"]
[Black "Platzgummer, Peter"]
[Result "1-0"]
[WhiteElo "2360"]
[BlackElo "1966"]
[PlyCount "81"]
[EventDate "2007.09.01"]
[EventType "swiss"]
[EventRounds "9"]
[EventCountry "AUT"]

1. d4 Nf6 2. c4 e6 3. g3 d5 4. Nf3 c6 5. Qc2 Nbd7 6. Nbd2 Bd6 7. Bg2 O-O 8. O-O
Re8 9. Rd1 Qc7 10. e4 dxe4 11. Nxe4 Nxe4 12. Qxe4 Nf6 13. Qe2 Bd7 14. Ne5 Bf8
15. Bf4 Qa5 16. g4 h6 17. h4 Re7 18. Bf3 Be8 19. Kg2 Nd7 20. Nd3 Nb6 21. Nc5
Nc8 22. b4 Qd8 23. g5 Nd6 24. Bxd6 Qxd6 25. Qe3 f5 26. a3 f4 27. Qe2 Bg6 28.
gxh6 gxh6 29. Be4 Rg7 30. Bxg6 Rxg6+ 31. Kf3 Bg7 32. h5 Rf6 33. Ne4 Qd7 34.
Nxf6+ Bxf6 35. Rg1+ Kf7 36. Qe4 Qxd4 37. Qh7+ Bg7 38. Qg6+ Kf8 39. Rad1 Qc3+
40. Rd3 Qe5 41. Rd7 1-0

[Event "18.Open Seefeld"]
[Site "Seefeld / Oesterreich"]
[Date "2007.09.01"]
[Round "1"]
[White "Buchaeckert, Juergen"]
[Black "Bayer, Bernhard"]
[Result "0-1"]
[WhiteElo "1964"]
[BlackElo "2356"]
[PlyCount "92"]
[EventDate "2007.09.01"]
[EventType "swiss"]
[EventRounds "9"]
[EventCountry "AUT"]

1. e4 c6 2. Nc3 d5 3. Nf3 Bg4 4. h3 Bxf3 5. Qxf3 e6 6. d4 Nf6 7. Bd3 dxe4 8.
Nxe4 Qxd4 9. Be3 Qd8 10. Nxf6+ Qxf6 11. Qg3 Nd7 12. O-O Nc5 13. Rfd1 Be7 14. c3
Nxd3 15. Rxd3 Qg6 16. Qxg6 hxg6 17. Rad1 Rh5 18. Rd7 Rd8 19. Rxd8+ Bxd8 20.
Bxa7 Rb5 21. b3 Bf6 22. Bd4 Rd5 23. Rd2 b5 24. a3 Rd8 25. Kf1 c5 26. Be3 Rxd2
27. Bxd2 c4 28. b4 Kd7 29. Ke2 Kc6 30. f4 Kd5 31. Kf3 Bd8 32. g4 f6 33. h4 e5
34. fxe5 fxe5 35. g5 e4+ 36. Ke3 Bb6+ 37. Ke2 Ke5 38. Be1 Kf4 39. Bd2+ Kg4 40.
Be1 e3 41. Kd1 Kf3 42. Kc2 Ke2 43. Bg3 Kf1 44. a4 bxa4 45. Kb2 e2 46. Ka3 Bf2
0-1

[Event "18.Open Seefeld"]
[Site "Seefeld / Oesterreich"]
[Date "2007.09.01"]
[Round "1"]
[White "Schunk, Thomas"]
[Black "Storkebaum, Ulrike"]
[Result "1-0"]
[WhiteElo "2346"]
[BlackElo "1963"]
[PlyCount "83"]
[EventDate "2007.09.01"]
[EventType "swiss"]
[EventRounds "9"]
[EventCountry "AUT"]

1. c4 e5 2. g3 Nf6 3. Bg2 Nc6 4. Nc3 a6 5. e3 Bc5 6. Nge2 d6 7. O-O O-O 8. d4
Ba7 9. h3 Bd7 10. Kh2 Rb8 11. a4 Ne8 12. f4 f5 13. b3 e4 14. Ba3 Nf6 15. Qd2
Qe8 16. Rac1 Na5 17. Rb1 Qh5 18. Kg1 Kh8 19. Kf2 b6 20. Rfc1 c5 21. d5 Rb7 22.
Nd1 Rbb8 23. Ng1 Nb7 24. Bf1 g5 25. Bb2 gxf4 26. exf4 h6 27. Ne3 Kh7 28. Bg2
Qg6 29. Ne2 Rg8 30. Rg1 b5 31. axb5 axb5 32. Ra1 Bb6 33. Qc2 h5 34. Rh1 Kg7 35.
g4 Kf7 36. g5 Ne8 37. h4 Nc7 38. Bh3 Ne8 39. Ng3 Ng7 40. Nxe4 Rge8 41. Nf6 Rxe3
42. Kxe3 1-0

[Event "18.Open Seefeld"]
[Site "Seefeld / Oesterreich"]
[Date "2007.09.01"]
[Round "1"]
[White "Ranker, Klemens"]
[Black "Sandhu, Mario"]
[Result "0-1"]
[WhiteElo "1955"]
[BlackElo "2338"]
[PlyCount "90"]
[EventDate "2007.09.01"]
[EventType "swiss"]
[EventRounds "9"]
[EventCountry "AUT"]

1. e4 c6 2. d4 d5 3. exd5 cxd5 4. Bd3 Nc6 5. c3 Nf6 6. Bf4 g6 7. Nf3 Nh5 8. Be3
Qd6 9. Qd2 Bf5 10. Bb5 a6 11. Ba4 Bg7 12. O-O b5 13. Bd1 O-O 14. Nh4 Nf6 15.
Nxf5 gxf5 16. Bf4 Qd7 17. f3 e6 18. Bh6 Ne7 19. Bxg7 Kxg7 20. Na3 Qd6 21. Nc2
Rab8 22. b4 Nd7 23. Ne1 Nb6 24. Nd3 Nc4 25. Qc1 a5 26. a3 Kh8 27. Bb3 Ra8 28.
Qh6 Rg8 29. Qf6+ Rg7 30. Bxc4 dxc4 31. Ne5 Rf8 32. f4 Nd5 33. Qh6 Nxc3 34. Nf3
Ne2+ 35. Kh1 Qxf4 36. Qf6 Qg4 37. Rf2 Nc3 38. Ne5 Qg5 39. Qxg5 Rxg5 40. bxa5 f6
41. Nf3 Rg7 42. Rc1 Ne4 43. Rb2 Ra7 44. Rxb5 Rfa8 45. Rxc4 Nd6 0-1

[Event "18.Open Seefeld"]
[Site "Seefeld / Oesterreich"]
[Date "2007.09.01"]
[Round "1"]
[White "Kesik, Klaus-Dieter"]
[Black "Becker, Joerg"]
[Result "1-0"]
[WhiteElo "2332"]
[BlackElo "1952"]
[PlyCount "53"]
[EventDate "2007.09.01"]
[EventType "swiss"]
[EventRounds "9"]
[EventCountry "AUT"]

1. d4 Nf6 2. Bg5 d5 3. Bxf6 exf6 4. g3 Bf5 5. Bg2 c6 6. e3 Bd6 7. Ne2 O-O 8.
O-O Re8 9. Nd2 Qd7 10. c4 Bb4 11. cxd5 cxd5 12. Nc3 Bxc3 13. bxc3 Bd3 14. Re1
Na6 15. Qb3 Red8 16. c4 dxc4 17. Qxb7 Qxb7 18. Bxb7 c3 19. Nb3 Rab8 20. Bxa6
Bxa6 21. Rac1 Rdc8 22. Nc5 Bc4 23. a3 Rxc5 24. dxc5 Rb3 25. c6 g6 26. c7 Be6
27. Red1 1-0

[Event "18.Open Seefeld"]
[Site "Seefeld / Oesterreich"]
[Date "2007.09.01"]
[Round "1"]
[White "Kesik, Marco"]
[Black "Vatter, Hans-Joachim"]
[Result "0-1"]
[WhiteElo "1954"]
[BlackElo "2319"]
[PlyCount "36"]
[EventDate "2007.09.01"]
[EventType "swiss"]
[EventRounds "9"]
[EventCountry "AUT"]

1. d4 d6 2. e4 Nf6 3. Bd3 e5 4. d5 Be7 5. Ne2 Nbd7 6. b4 a5 7. c3 c6 8. Qc2
cxd5 9. exd5 axb4 10. c4 Nc5 11. Nd2 Bd7 12. Qb1 b5 13. Bc2 bxc4 14. Nxc4 Nxd5
15. Bxh7 Bb5 16. Bd3 Qd7 17. Bf5 Qc6 18. Bd3 Nxd3+ 0-1

[Event "18.Open Seefeld"]
[Site "Seefeld / Oesterreich"]
[Date "2007.09.01"]
[Round "1"]
[White "Stabolewski, Andreas"]
[Black "Borries, Barbara"]
[Result "1-0"]
[WhiteElo "2263"]
[BlackElo "1947"]
[PlyCount "81"]
[EventDate "2007.09.01"]
[EventType "swiss"]
[EventRounds "9"]
[EventCountry "AUT"]

1. Nf3 d5 2. d4 Nf6 3. c4 c6 4. e3 g6 5. Nc3 Bg7 6. Bd3 O-O 7. O-O a6 8. b3 Qc7
9. Bb2 Nbd7 10. Rc1 Qd6 11. Qe2 e5 12. dxe5 Nxe5 13. Nxe5 Qxe5 14. Nxd5 Qd6 15.
Nxf6+ Bxf6 16. Rfd1 Qe7 17. c5 Be6 18. Bxf6 Qxf6 19. Bc4 Rfd8 20. Bxe6 Qxe6 21.
Rc4 Qe7 22. Qc2 Rxd1+ 23. Qxd1 Rd8 24. Rd4 Rxd4 25. Qxd4 a5 26. h3 f6 27. e4
Qe5 28. Qxe5 fxe5 29. Kf1 Kf7 30. Ke2 Ke6 31. Ke3 h6 32. g3 Kd7 33. h4 Kc7 34.
f4 exf4+ 35. Kxf4 b6 36. cxb6+ Kxb6 37. Ke5 Kc7 38. Ke6 Kb6 39. Kd7 c5 40. e5
a4 41. e6 1-0

[Event "18.Open Seefeld"]
[Site "Seefeld / Oesterreich"]
[Date "2007.09.01"]
[Round "1"]
[White "Gerhards, Walter"]
[Black "Natter, Siegfried"]
[Result "1-0"]
[WhiteElo "1947"]
[BlackElo "2233"]
[PlyCount "79"]
[EventDate "2007.09.01"]
[EventType "swiss"]
[EventRounds "9"]
[EventCountry "AUT"]

1. e4 c5 2. Nf3 Nc6 3. Nc3 e6 4. Bc4 a6 5. a4 Nf6 6. d3 d5 7. exd5 exd5 8. Bb3
Be7 9. h3 O-O 10. O-O h6 11. Bf4 Be6 12. Ne2 Na5 13. Ba2 b5 14. c3 Qb6 15. Qd2
bxa4 16. Bxh6 gxh6 17. Qxh6 Bf5 18. Nf4 Nd7 19. Qh5 Bg6 20. Qxd5 Ra7 21. Rae1
Nf6 22. Qg5 Kh7 23. Nh4 Ng8 24. Qg3 Bxh4 25. Qxh4+ Nh6 26. Bd5 Qd8 27. Qg3 Nf5
28. Qf3 Nb3 29. Re2 Re7 30. Be4 Ng7 31. Nxg6 fxg6 32. Qg4 Re6 33. Rfe1 Rd6 34.
h4 Nf5 35. h5 Qf6 36. hxg6+ Qxg6 37. Qh3+ Kg8 38. Re3 Rf7 39. Rg3 Qxg3 40. fxg3
1-0

[Event "18.Open Seefeld"]
[Site "Seefeld / Oesterreich"]
[Date "2007.09.01"]
[Round "1"]
[White "Wanderer, Thomas"]
[Black "Kircher, Werner"]
[Result "1-0"]
[WhiteElo "2215"]
[BlackElo "1944"]
[PlyCount "65"]
[EventDate "2007.09.01"]
[EventType "swiss"]
[EventRounds "9"]
[EventCountry "AUT"]

1. e4 e6 2. d3 d5 3. Nd2 Nf6 4. Ngf3 Be7 5. g3 c5 6. Bg2 Nc6 7. O-O O-O 8. Re1
dxe4 9. dxe4 e5 10. c3 h6 11. Qc2 Be6 12. Nf1 Qc7 13. Ne3 Rfd8 14. Nh4 Bf8 15.
Qe2 a6 16. Qf3 b5 17. Nhf5 Ne7 18. Nxh6+ gxh6 19. Qxf6 Bg7 20. Qh4 Rab8 21. Ng4
Bxg4 22. Qxg4 Rb6 23. Be3 Rg6 24. Qh5 c4 25. Bh3 Rd3 26. Bf1 Rd8 27. a4 bxa4
28. Rxa4 Qb7 29. Bxc4 Qxb2 30. Rxa6 Qxc3 31. Rc1 Qxc4 32. Rxc4 Rxa6 33. Rc7 1-0

[Event "18.Open Seefeld"]
[Site "Seefeld / Oesterreich"]
[Date "2007.09.01"]
[Round "1"]
[White "Georgiev, Georgi"]
[Black "Kroencke, Manfred"]
[Result "1/2-1/2"]
[WhiteElo "1915"]
[BlackElo "2207"]
[PlyCount "48"]
[EventDate "2007.09.01"]
[EventType "swiss"]
[EventRounds "9"]
[EventCountry "AUT"]

1. d4 d5 2. Nf3 Nf6 3. c4 e6 4. Nc3 Be7 5. Bg5 O-O 6. e3 h6 7. Bh4 b6 8. cxd5
Nxd5 9. Bxe7 Qxe7 10. Nxd5 exd5 11. Be2 Be6 12. O-O c5 13. Qa4 c4 14. Ne5 a6
15. Qc2 Nd7 16. f4 Nxe5 17. fxe5 f6 18. e4 fxe5 19. exd5 Bxd5 20. Bxc4 Rxf1+
21. Rxf1 Qe6 22. Qe4 Rd8 23. Bxd5 Qxd5 24. Qxe5 Qxd4+ 1/2-1/2

[Event "18.Open Seefeld"]
[Site "Seefeld / Oesterreich"]
[Date "2007.09.01"]
[Round "1"]
[White "Kugelmann, Werner"]
[Black "Strasser, Josef"]
[Result "1-0"]
[WhiteElo "2202"]
[BlackElo "1913"]
[PlyCount "43"]
[EventDate "2007.09.01"]
[EventType "swiss"]
[EventRounds "9"]
[EventCountry "AUT"]

1. e4 c6 2. d4 d5 3. e5 Bf5 4. Nc3 e6 5. g4 Bg6 6. Nge2 c5 7. Be3 cxd4 8. Bxd4
Nc6 9. Nf4 Nxd4 10. Qxd4 Ne7 11. O-O-O Nc6 12. Bb5 Be7 13. h4 h6 14. Nxg6 fxg6
15. Qd3 Kf7 16. f4 Bxh4 17. Kb1 Nb4 18. Qh3 g5 19. f5 Qb6 20. fxe6+ Kxe6 21. a3
a6 22. Ba4 1-0

[Event "18.Open Seefeld"]
[Site "Seefeld / Oesterreich"]
[Date "2007.09.01"]
[Round "1"]
[White "Schlosser, Andree"]
[Black "Duric, Rajko"]
[Result "1-0"]
[WhiteElo "2200"]
[BlackElo "1877"]
[PlyCount "39"]
[EventDate "2007.09.01"]
[EventType "swiss"]
[EventRounds "9"]
[EventCountry "AUT"]

1. d4 d6 2. Bf4 Nf6 3. e3 h6 4. Nf3 Nh5 5. Bg3 Nxg3 6. hxg3 Bg4 7. c3 Nd7 8.
Qb3 Bxf3 9. gxf3 Nb6 10. a4 Qc8 11. a5 Nd7 12. f4 a6 13. Bg2 c6 14. Nd2 Rb8 15.
Nf3 d5 16. Bh3 f6 17. Qc2 Qc7 18. Nh4 Kd8 19. Ng6 Rh7 20. Bxd7 1-0

[Event "18.Open Seefeld"]
[Site "Seefeld / Oesterreich"]
[Date "2007.09.01"]
[Round "1"]
[White "Klein, Reinhard"]
[Black "Wallnoefer, Hannes"]
[Result "1/2-1/2"]
[WhiteElo "1870"]
[BlackElo "2200"]
[PlyCount "108"]
[EventDate "2007.09.01"]
[EventType "swiss"]
[EventRounds "9"]
[EventCountry "AUT"]

1. d4 Nf6 2. c4 g6 3. Nc3 d5 4. cxd5 Nxd5 5. e4 Nxc3 6. bxc3 Bg7 7. Rb1 c5 8.
Be3 Nc6 9. Nf3 O-O 10. Qd2 Qa5 11. Rb5 Qa4 12. Rxc5 Rd8 13. Bb5 Qa3 14. O-O
Qxc5 15. dxc5 Rxd2 16. Bxd2 Be6 17. Bxc6 bxc6 18. Nd4 Bxd4 19. cxd4 Bxa2 20.
Ra1 Bc4 21. f4 e6 22. Kf2 f5 23. Ke3 Kf7 24. Rc1 Bb5 25. Ba5 Rc8 26. h3 h5 27.
Rh1 Bc4 28. Rc1 Bb5 29. Kf3 Rb8 30. g4 hxg4+ 31. hxg4 fxg4+ 32. Kxg4 Be2+ 33.
Kg3 Rb3+ 34. Rc3 Rb2 35. d5 exd5 36. exd5 cxd5 37. c6 Rb8 38. c7 Rc8 39. Kf2
Bc4 40. Re3 Ba6 41. Re5 Bb7 42. Ke3 Re8 43. Kd4 Rxe5 44. Kxe5 Ke7 45. c8=Q Bxc8
46. Kxd5 Be6+ 47. Kc5 Kf6 48. Kb5 Bc8 49. Bc7 Ke6 50. Kc6 Ke7 51. Bd6+ Ke6 52.
Bb8 a6 53. Kb6 Kf5 54. Ka5 g5 1/2-1/2

[Event "18.Open Seefeld"]
[Site "Seefeld / Oesterreich"]
[Date "2007.09.01"]
[Round "1"]
[White "Storkebaum, Karl-Heinrich"]
[Black "Walcher, Christian"]
[Result "1/2-1/2"]
[WhiteElo "2038"]
[BlackElo "1776"]
[PlyCount "82"]
[EventDate "2007.09.01"]
[EventType "swiss"]
[EventRounds "9"]
[EventCountry "AUT"]

1. d4 e6 2. c4 d5 3. Nc3 f5 4. e3 Nf6 5. f4 Ne4 6. Nf3 c6 7. a3 Nd7 8. Qc2 Be7
9. Be2 Bh4+ 10. g3 Be7 11. b4 a6 12. Bb2 b5 13. c5 Bb7 14. O-O g5 15. Nxe4 dxe4
16. Nxg5 Bxg5 17. Bh5+ Kf8 18. fxg5 Qxg5 19. Qxe4 Ke7 20. Qh4 Qxh4 21. gxh4
Rhg8+ 22. Kf2 Nf6 23. Bf3 Ng4+ 24. Bxg4 Rxg4 25. Rg1 Rag8 26. h3 Rxg1 27. Rxg1
Rxg1 28. Kxg1 Kf6 29. Kf2 Kg6 30. Kg3 Bc8 31. Bc3 Bd7 32. Kf4 Be8 33. Ke5 Kf7
34. Be1 Ke7 35. Bg3 Bh5 36. Bf4 Bf3 37. Bg5+ Kd7 38. Bh6 Ke7 39. Kf4 Bd1 40.
Kg5 Kf7 41. Kf4 Ke7 1/2-1/2

[Event "18.Open Seefeld"]
[Site "Seefeld / Oesterreich"]
[Date "2007.09.01"]
[Round "1"]
[White "Sucher, Johannes"]
[Black "Auf'm Wasser, Günter"]
[Result "1-0"]
[WhiteElo "2197"]
[BlackElo "1867"]
[PlyCount "37"]
[EventDate "2007.09.01"]
[EventType "swiss"]
[EventRounds "9"]
[EventCountry "AUT"]

1. d4 Nf6 2. Bg5 Ne4 3. Bh4 g5 4. f3 gxh4 5. fxe4 c6 6. e3 e6 7. Nf3 d5 8. Bd3
Nd7 9. Nc3 Bh6 10. exd5 exd5 11. e4 Nf6 12. O-O h3 13. g3 Be3+ 14. Kh1 Ng4 15.
exd5 Bd7 16. Ne5 Qc8 17. Qf3 O-O 18. Nxg4 Bxg4 19. Qxe3 1-0

[Event "18.Open Seefeld"]
[Site "Seefeld / Oesterreich"]
[Date "2007.09.01"]
[Round "1"]
[White "Helbig, Dieter"]
[Black "Jaenig, Reinhard"]
[Result "0-1"]
[WhiteElo "1863"]
[BlackElo "2176"]
[PlyCount "50"]
[EventDate "2007.09.01"]
[EventType "swiss"]
[EventRounds "9"]
[EventCountry "AUT"]

1. c4 c5 2. Nc3 Nc6 3. g3 e5 4. Bg2 g6 5. e3 Bg7 6. Nge2 Nge7 7. O-O d6 8. a3
O-O 9. Nd5 Nxd5 10. cxd5 Ne7 11. e4 Bd7 12. d3 Qc8 13. Bg5 f6 14. Be3 Bh3 15.
Rc1 Bxg2 16. Kxg2 f5 17. Nc3 f4 18. gxf4 exf4 19. Bd2 f3+ 20. Kh1 Qh3 21. Rg1
Be5 22. Rxg6+ Nxg6 23. Qg1 Kh8 24. Nd1 Rg8 25. Bc3 Nh4 0-1

[Event "18.Open Seefeld"]
[Site "Seefeld / Oesterreich"]
[Date "2007.09.01"]
[Round "1"]
[White "Stoer, Andreas"]
[Black "Egger, Herbert"]
[Result "1-0"]
[WhiteElo "2171"]
[BlackElo "1839"]
[PlyCount "47"]
[EventDate "2007.09.01"]
[EventType "swiss"]
[EventRounds "9"]
[EventCountry "AUT"]

1. c4 e5 2. Nc3 Nf6 3. Nf3 Nc6 4. e3 Be7 5. d4 exd4 6. Nxd4 d6 7. Be2 O-O 8.
O-O d5 9. cxd5 Nxd5 10. Nxd5 Qxd5 11. Bf3 Qd7 12. Nxc6 bxc6 13. Qc2 Bb7 14. Rd1
Qe6 15. Bd2 Qg6 16. Be4 f5 17. Bf3 Kh8 18. Ba5 Bd6 19. Rac1 Rad8 20. g3 Qe8 21.
b4 a6 22. Bxc6 Bxc6 23. Qxc6 Qe6 24. Bxc7 1-0

[Event "18.Open Seefeld"]
[Site "Seefeld / Oesterreich"]
[Date "2007.09.01"]
[Round "1"]
[White "Straesser, Gerda"]
[Black "Breedveld, Andre"]
[Result "0-1"]
[WhiteElo "1828"]
[BlackElo "2151"]
[PlyCount "70"]
[EventDate "2007.09.01"]
[EventType "swiss"]
[EventRounds "9"]
[EventCountry "AUT"]

1. e4 c5 2. Nf3 e6 3. d4 cxd4 4. Nxd4 a6 5. a3 Nf6 6. Nc3 Qc7 7. Be2 d6 8. Be3
Nbd7 9. O-O Be7 10. Qd2 Ne5 11. f3 O-O 12. Rac1 Nc4 13. Bxc4 Qxc4 14. Rfd1 Rd8
15. Kh1 b5 16. Qf2 Rb8 17. Nde2 Qc7 18. Ba7 Rb7 19. Be3 Bd7 20. Bf4 a5 21. g4
b4 22. axb4 axb4 23. Nb1 e5 24. Be3 Be6 25. Nd2 d5 26. g5 d4 27. Bxd4 exd4 28.
gxf6 Bxf6 29. Nf1 Qb6 30. Nf4 Bg5 31. Qg3 Bh6 32. h4 Qc7 33. Nxe6 fxe6 34. Qxc7
Rxc7 35. Nd2 Rdc8 0-1

[Event "18.Open Seefeld"]
[Site "Seefeld / Oesterreich"]
[Date "2007.09.01"]
[Round "1"]
[White "Niebergall, Gerhard"]
[Black "Titz, Waldemar"]
[Result "1/2-1/2"]
[WhiteElo "2136"]
[BlackElo "1819"]
[PlyCount "57"]
[EventDate "2007.09.01"]
[EventType "swiss"]
[EventRounds "9"]
[EventCountry "AUT"]

1. e4 d6 2. d4 Nf6 3. Nc3 g6 4. Nf3 Bg7 5. h3 c6 6. a4 O-O 7. Be3 Qa5 8. Bd3
Nbd7 9. O-O Qc7 10. Nd2 a6 11. f4 e5 12. dxe5 dxe5 13. f5 b6 14. g4 a5 15. Qe1
Ba6 16. Bxa6 Rxa6 17. Qh4 Raa8 18. Bh6 Qd6 19. Nf3 Qb4 20. Bxg7 Kxg7 21. g5 Nh5
22. f6+ Kg8 23. Rab1 Rfe8 24. Ne1 Rad8 25. Nd3 Qd4+ 26. Qf2 Nf8 27. Rbe1 Ne6
28. Ne2 Qxf2+ 29. Rxf2 1/2-1/2

[Event "18.Open Seefeld"]
[Site "Seefeld / Oesterreich"]
[Date "2007.09.01"]
[Round "1"]
[White "Perkmann, Gottfried"]
[Black "Schmidt, Juergen"]
[Result "0-1"]
[WhiteElo "1799"]
[BlackElo "2130"]
[PlyCount "55"]
[EventDate "2007.09.01"]
[EventType "swiss"]
[EventRounds "9"]
[EventCountry "AUT"]

1. e4 e5 2. f4 exf4 3. Nf3 g5 4. Bc4 g4 5. O-O gxf3 6. Qxf3 Qf6 7. c3 Nc6 8.
Bb3 Ne5 9. Qe2 Bh6 10. d4 f3 11. gxf3 Bxc1 12. dxe5 Qg5+ 13. Kh1 Bf4 14. Na3
Qxe5 15. Rad1 Ne7 16. Nc4 Qh5 17. e5 O-O 18. Rd4 Ng6 19. Re4 b6 20. Rg1 Kh8 21.
Rg4 Bh6 22. Kg1 d5 23. exd6 f5 24. Re8 fxg4 25. Ne5 Nxe5 26. Rxe5 gxf3 27. Qb5
f2+ 28. Kh1 0-1

[Event "18.Open Seefeld"]
[Site "Seefeld / Oesterreich"]
[Date "2007.09.01"]
[Round "1"]
[White "Platzgummer, Fabian"]
[Black "Nolte, Wilhelm"]
[Result "1-0"]
[WhiteElo "2124"]
[BlackElo "1775"]
[PlyCount "57"]
[EventDate "2007.09.01"]
[EventType "swiss"]
[EventRounds "9"]
[EventCountry "AUT"]

1. e4 e6 2. d4 d5 3. Nd2 Nf6 4. e5 Nfd7 5. Bd3 c5 6. c3 Nc6 7. Ne2 f6 8. Nf4
Qe7 9. Qh5+ Kd8 10. Ng6 hxg6 11. Qxh8 f5 12. Nf3 Kc7 13. O-O a6 14. Be3 b6 15.
Rac1 c4 16. Be2 Nd8 17. Qh4 Qe8 18. Bg5 Nf7 19. Qf4 Nh6 20. Ra1 Nf7 21. Rfb1
Nb8 22. Qc1 Bd7 23. b3 b5 24. Qb2 Be7 25. Bxe7 Qxe7 26. a4 Kd8 27. axb5 Bxb5
28. bxc4 dxc4 29. Qa3 1-0

[Event "18.Open Seefeld"]
[Site "Seefeld / Oesterreich"]
[Date "2007.09.01"]
[Round "1"]
[White "Bangert, Ruediger"]
[Black "Thoeny, Hermann"]
[Result "0-1"]
[WhiteElo "1761"]
[BlackElo "2123"]
[PlyCount "70"]
[EventDate "2007.09.01"]
[EventType "swiss"]
[EventRounds "9"]
[EventCountry "AUT"]

1. d4 Nf6 2. c4 g6 3. Nc3 d5 4. Bg5 Ne4 5. Nxe4 dxe4 6. e3 Bg7 7. Ne2 c5 8.
Qa4+ Bd7 9. Qb3 Nc6 10. d5 Nb4 11. Nc3 Qa5 12. a4 b5 13. Be2 bxa4 14. O-O Rb8
15. Nxa4 Na6 16. Qc2 f5 17. Nc3 Qb6 18. Rab1 Nb4 19. Qd2 a5 20. Bf4 Rb7 21. f3
exf3 22. Rxf3 O-O 23. e4 fxe4 24. Rg3 Bf5 25. Kh1 e3 26. Bxe3 Bxb1 27. Nxb1 Na6
28. Qd3 Qxb2 29. Nd2 Qa1+ 30. Nf1 Nb4 31. Qe4 Rxf1+ 32. Bxf1 Qxf1+ 33. Bg1 Bd4
34. Qe6+ Kg7 35. Re3 Nc2 0-1

[Event "18.Open Seefeld"]
[Site "Seefeld / Oesterreich"]
[Date "2007.09.01"]
[Round "1"]
[White "Rahn, Oskar"]
[Black "Russ, Colin"]
[Result "0-1"]
[WhiteElo "2122"]
[BlackElo "1760"]
[PlyCount "76"]
[EventDate "2007.09.01"]
[EventType "swiss"]
[EventRounds "9"]
[EventCountry "AUT"]

1. e4 c6 2. d4 d5 3. Nc3 dxe4 4. Nxe4 Bf5 5. Ng3 Bg6 6. Nf3 Nd7 7. Bc4 Ngf6 8.
Qe2 Qc7 9. O-O Nd5 10. Ne5 Nxe5 11. dxe5 e6 12. f4 Bc5+ 13. Kh1 Bd4 14. c3 Bb6
15. a4 O-O-O 16. Ne4 Bxe4 17. Qxe4 g6 18. Qf3 Rd7 19. b4 a5 20. b5 Rhd8 21.
bxc6 bxc6 22. Ba3 Qa7 23. Rab1 Ne3 24. Bd6 Rxd6 25. exd6 Rxd6 26. Qe2 Nxf1 27.
Rxf1 Qd7 28. h3 Rd2 29. Qe4 Rd1 30. Qf3 Rxf1+ 31. Bxf1 Kb7 32. Kh2 Qd5 33. Qe2
Qc5 34. Qd3 Kc7 35. Kg3 Qf2+ 36. Kg4 h6 37. g3 f5+ 38. Kh4 Bc5 0-1

[Event "18.Open Seefeld"]
[Site "Seefeld / Oesterreich"]
[Date "2007.09.01"]
[Round "1"]
[White "Bretscher, Robert"]
[Black "Kammers, Heribert"]
[Result "0-1"]
[WhiteElo "1656"]
[BlackElo "2104"]
[PlyCount "64"]
[EventDate "2007.09.01"]
[EventType "swiss"]
[EventRounds "9"]
[EventCountry "AUT"]

1. e4 e6 2. d4 d5 3. Nc3 Bb4 4. e5 c5 5. a3 Bxc3+ 6. bxc3 Qc7 7. Nf3 Ne7 8. Be2
b6 9. O-O Ba6 10. Re1 Bxe2 11. Rxe2 Nd7 12. Qd3 cxd4 13. cxd4 Rc8 14. Rb1 Nc6
15. c4 dxc4 16. Qxc4 Ncxe5 17. Qxc7 Nxf3+ 18. gxf3 Rxc7 19. d5 Nc5 20. Bf4 Rd7
21. d6 O-O 22. Rc2 Rfd8 23. a4 Nxa4 24. Rc7 f6 25. Ra1 b5 26. Rac1 e5 27. Be3
a6 28. Rxd7 Rxd7 29. Rc6 Nb2 30. Rxa6 Nc4 31. Bc5 Kf7 32. Rc6 Ke6 0-1

[Event "18.Open Seefeld"]
[Site "Seefeld / Oesterreich"]
[Date "2007.09.01"]
[Round "1"]
[White "Schumacher, Helmut"]
[Black "Pregl, Walter"]
[Result "1-0"]
[WhiteElo "2103"]
[BlackElo "2038"]
[PlyCount "95"]
[EventDate "2007.09.01"]
[EventType "swiss"]
[EventRounds "9"]
[EventCountry "AUT"]

1. d4 Nf6 2. Nc3 d5 3. Bg5 e6 4. e4 dxe4 5. Nxe4 Be7 6. Bxf6 gxf6 7. Nf3 c6 8.
Bc4 Qa5+ 9. c3 Nd7 10. Qe2 Nf8 11. a4 Qh5 12. Ng3 Qh6 13. O-O Ng6 14. Rfe1 O-O
15. Qe3 Kg7 16. h4 Qxe3 17. Rxe3 Bd6 18. Nh5+ Kh8 19. Nxf6 Be7 20. Ne4 Nxh4 21.
Nxh4 Bxh4 22. Bd3 Be7 23. f4 Rg8 24. Kf2 b6 25. Rh1 f5 26. Reh3 Rg7 27. Nd2 Bb7
28. Nf3 Bf6 29. Bc4 c5 30. dxc5 Bxf3 31. gxf3 Rc8 32. Bxe6 Rxc5 33. Rh5 Rcc7
34. Bxf5 Be7 35. Rxh7+ Rxh7 36. Rxh7+ Kg8 37. Rh1 Kg7 38. Be4 Rc4 39. a5 Ra4
40. axb6 Bc5+ 41. Ke2 Bxb6 42. Kd3 Ra2 43. b4 Rb2 44. Rh7+ Kf6 45. Rh6+ Ke7 46.
f5 Bc7 47. Kc4 a5 48. f6+ 1-0